<?xml version="1.0" encoding="UTF-8"?><?xml-stylesheet type="text/xsl" href="static/style.xsl"?><OAI-PMH xmlns="http://www.openarchives.org/OAI/2.0/" xmlns:xsi="http://www.w3.org/2001/XMLSchema-instance" xsi:schemaLocation="http://www.openarchives.org/OAI/2.0/ http://www.openarchives.org/OAI/2.0/OAI-PMH.xsd"><responseDate>2026-04-28T21:18:32Z</responseDate><request verb="GetRecord" identifier="oai:uvadoc.uva.es:10324/41973" metadataPrefix="marc">https://uvadoc.uva.es/oai/request</request><GetRecord><record><header><identifier>oai:uvadoc.uva.es:10324/41973</identifier><datestamp>2021-06-30T03:19:36Z</datestamp><setSpec>com_10324_38</setSpec><setSpec>col_10324_852</setSpec></header><metadata><record xmlns="http://www.loc.gov/MARC21/slim" xmlns:doc="http://www.lyncode.com/xoai" xmlns:xsi="http://www.w3.org/2001/XMLSchema-instance" xmlns:dcterms="http://purl.org/dc/terms/" xsi:schemaLocation="http://www.loc.gov/MARC21/slim http://www.loc.gov/standards/marcxml/schema/MARC21slim.xsd">
<leader>00925njm 22002777a 4500</leader>
<datafield tag="042" ind1=" " ind2=" ">
<subfield code="a">dc</subfield>
</datafield>
<datafield tag="720" ind1=" " ind2=" ">
<subfield code="a">Santos Gutiérrez, Elena</subfield>
<subfield code="e">author</subfield>
</datafield>
<datafield tag="260" ind1=" " ind2=" ">
<subfield code="c">2020</subfield>
</datafield>
<datafield tag="520" ind1=" " ind2=" ">
<subfield code="a">Encuadro el problema de la despoblación y todo lo que ello conlleva, incluyendo la desaparición del comercio rural.&#xd;
Creo que estamos perdiendo poco a poco, no solo la población, sino también nuestras costumbres, nuestras raíces y, como consecuencia, una parte de nuestra cultura, sin olvidarnos de la agricultura, la ganadería y el comercio rural.</subfield>
</datafield>
<datafield tag="024" ind2=" " ind1="8">
<subfield code="a">http://uvadoc.uva.es/handle/10324/41973</subfield>
</datafield>
<datafield ind1=" " ind2=" " tag="653">
<subfield code="a">Pueblos y aldeas-Comercio-España</subfield>
</datafield>
<datafield ind1=" " ind2=" " tag="653">
<subfield code="a">Desarrollo rural-España-Siglo XXI</subfield>
</datafield>
<datafield tag="245" ind1="0" ind2="0">
<subfield code="a">La despoblación y la desaparición del comercio rural</subfield>
</datafield>
</record></metadata></record></GetRecord></OAI-PMH>